000 00481nam a2200181Ia 4500
003 LK-CoDNM
005 20240122102826.0
008 010623t1919 xxu||||| |||| 00| 1 sin d
040 _aLK-CoDNM
_dLK-CoDNM
_eLK-CoDNM
041 _asin
080 _a104
_bK 10
100 _aSenevirathna,G.P.W
245 _aලංකා ඉතිහාසය
246 _aThe History of Ceylon (A Catechism)
260 _bGrantha Prakasha
_aColombo
_c1919
300 _b50p, 18 cm
942 _cBK
999 _c89852
_d89852